Legally Blonde Songs by Lyric Click Quiz #3 - Statistics

General Stats
  • This quiz has been taken 11 times
  • The average score is 11 of 18
Answer Stats
Hint Answer % Correct
And that American flag Legally Blonde Remix
89%
Watch me while I walk away Bend and Snap
78%
Will have a guaranteed career Blood in the Water
78%
In tiny shoes and tiny shorts Gay or European
78%
And if I could take one second
before we all go
Find My Way
67%
I need a salon Positive
67%
Tell me why can’t it be that way again Serious Reprise
67%
See I have not begun to fight So Much Better
67%
I know you’re scared Take it Like a Man
67%
I am the key Whipped Into Shape
67%
I’m just happy I could be there Chip on my Shoulder
56%
I can see him Ireland
56%
Girls like you always get to see Ireland Ireland Reprise
56%
Give me a call, say hello Legally Blonde
56%
I never thought that I Serious
56%
My word was law Harvard Variations
44%
Future’s taking off Omigod You Guys
44%
Be chasin’ him and he don’t care What You Want
44%
No matching quizzes found
Score Distribution
Percent of People with Each Score
Percentile by Number Answered
Your Score History
You have not taken this quiz